000 00626nam a22002051i 4500
001 000030713
003 RuMoIPM
005 20260602122710.0
008 130115s1974----ur | c rus
040 _aRuMoIPM
_brus
_ercr
041 0 _arus
080 _a511.12
100 1 _aВоробьев, Николай Николаевич
245 1 _aПризнаки делимости
_cН. Н, Воробьев
250 _a2-е изд., испр.
260 _aМосква
_bНаука
_c1974
300 _a79 с.
_cил.
490 0 _aПопулярные лекции по математике
_vВып. 39
942 _cBK
999 _c30713
_d30713